| 000 | 00591cam a2200229 4500 | ||
|---|---|---|---|
| 008 | 090401t1983 xxu||||| |||| 00| 0 eng d | ||
| 020 | _a071145762X | ||
| 035 | _a(Sirsi) u40798 | ||
| 041 | _aeng | ||
| 050 | _a690.026 | ||
| 245 | _aBuilding law reports. - Volume 22. | ||
| 260 |
_aLondon _bGeorge Godwin _c1983 |
||
| 300 | _avi,156p. ; 23cm. | ||
| 350 | _a0 | ||
| 650 | _aBUILDING INDUSTRY | ||
| 650 | _aLAW REPORTS | ||
| 690 | _aBUILDING AND CONSTRUCTION-CASE LAW | ||
| 700 |
_aReese, Colin _xEditor |
||
| 700 |
_aLLoyd, Humphrey _xEditor |
||
| 942 | _n0 | ||
| 948 | _c04/03/1997 | ||
| 999 |
_c90889 _d90889 |
||